| 000 | 00610nam a22001931a 4500 | ||
|---|---|---|---|
| 001 | 10891 | ||
| 003 | OSt | ||
| 005 | 20260204212216.0 | ||
| 008 | 100629s2009||||sp ||||||b||||||||||spa|| | ||
| 020 | _a9788467032079 | ||
| 050 | _aR 465 N889g | ||
| 245 | _aNovena gramática de la lengua española / Real Academia Española | ||
| 264 | _aEspaña : Espasa | ||
| 300 | _a3885 p | ||
| 500 | _aVol. I Monología, Sintaxis IVol. II Monologñia, Sintaxis II | ||
| 650 | _aLengua Española - Gramática | ||
| 710 | _aReal Academia Española II.Asociación de Academías de la Lengua EspañolaÌ | ||
| 942 |
_2ddc _cBK |
||
| 999 |
_c10891 _d10891 |
||